000 00603nam a22001937a 4500
005 20251108170104.0
008 250721s1994 xx 000 0 ara d
082 1 4 _aط/ق/فوز
100 1 _aفوزي، محمد
245 1 0 _aثعلوب المكار /
264 1 _aالقاهرة :
_bنهضة مصر للطباعة،
_c[1994].
300 _a16ص. : مص
490 0 _aمغامرات ثعلوب
_v2
650 1 7 _aالقصص العربية
653 _a(سنوات 9-6) أطفال مرحلة متوسطة
700 1 _aعبد النبي، جمال
_eCart.
942 _2ddc
_cBK
999 _c39455
_d39455